000 00633cam a2200205 4500500
005 20260405003837.0
041 _afre
042 _adc
100 1 0 _ade Oliveira, Victorine
_eauthor
245 0 0 _aUne mémoire infinie. Un extrait de Saint Augustin commenté
260 _c2024.
500 _a30
690 _aConfessions
690 _aDieu
690 _aMémoire
690 _aReprésentation
690 _aSaint Augustin
786 0 _nPhilosophie magazine | 179 | 5 | 2024-05-01 | p. 55-55 | 1951-1787
856 4 1 _uhttps://shs.cairn.info/magazine-philosophie-magazine-2024-5-page-55?lang=fr&redirect-ssocas=7080
999 _c2071354
_d2071354